Belarus Immigration by Country - Statistics

General Stats
  • This quiz has been taken 301 times
    262 since last reset
  • The average score is 10 of 12
Answer Stats
# Immigrants Country % Correct
679,682 Russia
100%
224,847 Ukraine
100%
17,316 Lithuania
95%
10,444 Latvia
93%
69,682 Kazakhstan
87%
14,729 Uzbekistan
81%
8,473 Georgia
80%
7,578 Moldova
80%
13,440 Armenia
79%
5,656 Tajikistan
79%
5,213 Kyrgyzstan
78%
5,442 Turkmenistan
76%
No matching quizzes found
Score Distribution
Percent of People with Each Score
Percentile by Number Answered
Your Score History
You have not taken this quiz since the last reset